| 000 | 00929cam a2200289 a 4500 | ||
|---|---|---|---|
| 005 | 20260322212008.0 | ||
| 008 | data | ||
| 010 | _a 88038519 | ||
| 020 | _a0826310729 | ||
| 020 | _a9780826310729 | ||
| 040 |
_aDLC _cDLC _dDLC |
||
| 043 | _an-us-nm | ||
| 050 | 0 | 0 |
_aF797 _b.W66 1989 |
| 082 | 0 | 0 |
_a978.9/052 _219 |
| 092 | _a978.9 W66 1989 | ||
| 100 | 1 | _aWood, Nancy C. | |
| 245 | 1 | 0 |
_aHeartland New Mexico : _bphotographs from the Farm Security Administration, 1935-1943 / _cNancy C. Wood & United States. |
| 250 | _a1st ed. | ||
| 260 |
_aAlbuquerque : _bUniversity of New Mexico Press, _cc1989. |
||
| 300 |
_axii, 125 p. : _bill. ; _c28 cm. |
||
| 504 | _aBibliography: p. 123-125. | ||
| 650 | 0 |
_aCities and towns _zNew Mexico _xPictorial works. |
|
| 651 | 0 |
_aNew Mexico _xPictorial works. |
|
| 651 | 0 |
_aNew Mexico _xPictorial works. _xPictorial works. |
|
| 710 | 2 |
_aUnited States. _bFarm Security Administration. |
|
| 001 | data | ||
| 999 |
_c151 _d151 |
||